ბათუმის შოთა რუსთაველის სახელმწიფო უნივერსიტეტის ბიბლიოთეკა

Структура отраслевых рынков (ბიბ.ჩანაწერი № 37134)

000 -LEADER
fixed length control field 00722nam a2200241Ia 4500
001 - CONTROL NUMBER
control field 3090
003 - CONTROL NUMBER IDENTIFIER
control field GE_BSU
008 - FIXED-LENGTH DATA ELEMENTS--GENERAL INFORMATION
fixed length control field 181216s||||||||xx |||||||||||||| ||und||
020 ## - INTERNATIONAL STANDARD BOOK NUMBER
International Standard Book Number 5862255850
040 ## - CATALOGING SOURCE
Transcribing agency GE_BSU
080 ## - UNIVERSAL DECIMAL CLASSIFICATION NUMBER
Universal Decimal Classification number 339.1(075.8)
100 ## - MAIN ENTRY--PERSONAL NAME
Personal name Шерер Ф, Росс Д
245 ## - TITLE STATEMENT
Title Структура отраслевых рынков
245 ## - TITLE STATEMENT
Remainder of title пер. с англ. Industrial Market Structure And Performance. Учебник
245 ## - TITLE STATEMENT
Statement of responsibility, etc. Науч. ред :Н.М. Розанова
260 ## - PUBLICATION, DISTRIBUTION, ETC.
Place of publication, distribution, etc. Москва
260 ## - PUBLICATION, DISTRIBUTION, ETC.
Name of publisher, distributor, etc. ИНФРА-М
260 ## - PUBLICATION, DISTRIBUTION, ETC.
Date of publication, distribution, etc. 1997
300 ## - PHYSICAL DESCRIPTION
Extent 698 с. 24 см.
653 ## - INDEX TERM--UNCONTROLLED
Uncontrolled term Структура отраслевых рынков
942 ## - ADDED ENTRY ELEMENTS (KOHA)
Koha item type წიგნი
ეგზემპლარები
Withdrawn status Lost status Damaged status Not for loan Date acquired Barcode Date last seen Price effective from Koha item type Public note
        2018-12-17 8230 2018-12-17 2018-12-17 წიგნი დარბაზი
        2018-12-17 8231 2018-12-17 2018-12-17 წიგნი დარბაზი
        2018-12-17 8232 2018-12-17 2018-12-17 წიგნი დარბაზი